000
00298nam a22001337a 4500
008
170915b xxu||||| |||| 00| 0 eng d
020
_a
9780827379138
041
_a
eng
080
_2
4 ED
_a
77
100
_a
44
101
_a
ART
245
_a
HANDBOOK OF PHOTOGRAPHY
_c
FOLTS.Z
942
_2
udc
_c
BK
999
_c
27834
_d
27834